Winter Paralympic Sports: Sudden Death - Statistics

General Stats
  • This quiz has been taken 12 times
  • The average score is 3 of 6
Answers on the Grid
Answers color-coded by a green-red scale on the quiz's grid according to % correct below.
Para Biathlon
Para Bobsleigh
Para Ice Hockey
Wheelchair Skeleton
Para Luge
Wheelchair Figure Skating
Para Alpine Skiing
Para Ski Mountaineering
Para Snowboard
Wheelchair Ice Hockey
Wheelchair Speed Skating
Para Ski Jumping
Para Cross-Country Skiing
Wheelchair Curling
Para Nordic Combined
Para Ice Climbing
 
Answer Stats
Answer % Correct
Para Biathlon
70%
Wheelchair Curling
70%
Para Ice Hockey
60%
Para Cross-Country Skiing
50%
Para Snowboard
50%
Para Alpine Skiing
30%
No matching quizzes found
Score Distribution
Percent of People with Each Score
Percentile by Number Answered
Your Score History
You have not taken this quiz